00150 a2200073 45000010005000001000017000052450032000222600022000546417 aQureshi, A I aEconomy of Pakistan 1948-68 abEcono Adviserc